|
|
|
|
| LEADER |
01225nam a2200397 a 4500 |
| 001 |
nkc20071706456 |
| 003 |
CZ PrNK |
| 005 |
20071206104155.0 |
| 007 |
ta |
| 008 |
070306s2007 xr a e e 001 0 cze |
| 015 |
|
|
|a cnb001706456
|
| 020 |
|
|
|a 978-80-7234-666-0
|q (váz.)
|
| 035 |
|
|
|a (OCoLC)124091368
|
| 040 |
|
|
|a ABA001
|b cze
|
| 072 |
|
7 |
|a 549
|x Mineralogie
|2 Konspekt
|9 7
|
| 080 |
|
|
|a 549
|2 MRF
|
| 080 |
|
|
|a (031)
|2 MRF
|
| 100 |
1 |
|
|a Korbel, Petr
|7 xx0038609
|4 aut
|
| 245 |
1 |
0 |
|a Minerály :
|b encyklopedie /
|c Petr Korbel, Milan Novák
|
| 246 |
3 |
|
|a Encyklopedie - minerály
|
| 250 |
|
|
|a 3. vyd.
|
| 260 |
|
|
|a Čestlice :
|b Rebo,
|c 2007
|
| 300 |
|
|
|a 296 s. :
|b barev. il. ;
|c 24 cm
|
| 490 |
1 |
|
|a Encyklopedie
|
| 504 |
|
|
|a Obsahuje bibliografii a rejstřík
|
| 650 |
0 |
7 |
|a minerály
|7 ph115322
|2 czenas
|
| 650 |
0 |
9 |
|a minerals
|2 eczenas
|
| 655 |
|
7 |
|a encyklopedie
|7 fd132201
|2 czenas
|
| 655 |
|
9 |
|a encyclopedias
|2 eczenas
|
| 700 |
1 |
|
|a Novák, Milan,
|d 1952-
|7 jo20000075506
|4 aut
|
| 830 |
|
0 |
|a Encyklopedie (Rebo)
|0 s
|
| 910 |
2 |
|
|a BOA001
|b 2-1181.696
|
| 990 |
|
|
|a BK
|
| 995 |
|
|
|a 01
|
| 991 |
|
|
|b 200703
|c NOV
|
| 996 |
6 |
|
|b 2610303811
|c 2-1181.696
|l MZK
|r Sklad / do 1 hodiny
|n 2
|p p.v.
|w 000842630
|u 000010
|a 1
|e BOA001
|j MZK50
|s P
|